Štúdium polyolovej dráhy v mozgu diabetických potkanov

Salvato in:
Dettagli Bibliografici
Autore principale: Majdová, Katarína (Autore)
Altri autori: Šoltésová Prnová, Marta (Relatore della tesi)
Natura: Manoscritto Libro
Lingua:slovacco
Pubblicazione: 2020
Soggetti:
Accesso online:http://is.stuba.sk/zp/portal_zp.pl?podrobnosti=141858
Tags: Aggiungi Tag
Nessun Tag, puoi essere il primo ad aggiungerne!!

MARC

LEADER 00000ntm a22000003a 4500
001 stuzp79626
003 SK-STU
005 20200718211542.2
007 ta
008 150427s2015----xo-----f-mn---000-0-slo-d
040 |a STU  |b slo 
041 0 |a slo 
100 1 |a Majdová, Katarína  |u 044000  |4 aut  |U FCHPT Fakulta chemickej a potravinárskej technológie  |T FCHPT Ústav biotechnológie  |X 91879  |U C4000  |Y 102  |7 91879 
242 0 1 |a Study of Polyol Pathway in the Brain of Diabetic Rats  |y eng 
245 1 0 |a Štúdium polyolovej dráhy v mozgu diabetických potkanov 
260 |c 2020 
650 4 |a sorbitol  |2 slo 
650 4 |a ZDF potkany  |2 slo 
650 4 |a Diabetus mellitus 2.typu  |2 slo 
650 4 |a Alzheimerova choroba  |2 slo 
650 4 |a sorbitol  |2 eng 
650 4 |a ZDF rats  |2 eng 
650 4 |a Diabetes mellitus type 2  |2 eng 
650 4 |a Alzheimer´s disease  |2 eng 
700 1 |a Šoltésová Prnová, Marta  |4 ths  |X 26431  |7 26431 
856 4 |u http://is.stuba.sk/zp/portal_zp.pl?podrobnosti=141858